Evolución del producto por regiones 1960-1992

I tiakina i:
Ngā taipitopito rārangi puna kōrero
Ngā kaituhi rangatōpū: Subsecretaría de Desarrollo Regional y Administrativo (Author), CIEPLAN (Author)
Hōputu: Pukapuka
Reo:Pāniora
I whakaputaina: Santiago Ministerio del Interior, Subsecretaría de Desarrollo Regional y Administrativo 1994
Ngā marau:
Ngā Tūtohu: Tāpirihia he Tūtohu
Kāore He Tūtohu, Me noho koe te mea tuatahi ki te tūtohu i tēnei pūkete!

MARC

LEADER 00000nam a2200000 a 4500
001 UCY3232
003 CL-VaPUC
008 941219e19940000CL |||||||||||||||||spa|d
082 0 4 |a 339.383  |b SUB  |2 21 
110 2 |a Subsecretaría de Desarrollo Regional y Administrativo  |e author  |9 331496 
710 2 |a CIEPLAN  |e author  |9 331497 
245 1 0 |a Evolución del producto por regiones 1960-1992 
300 |a 145 p 
942 |c BK 
945 |d 19941219 00:00:00  |a mfernand 
260 |a Santiago  |b Ministerio del Interior, Subsecretaría de Desarrollo Regional y Administrativo  |c 1994 
650 7 |a PRODUCTO GEOGRAFICO BRUTO 1960-1992  |2 CL-VaPUC  |9 331498 
650 7 |a INDICADORES ECONOMICOS  |2 CL-VaPUC  |9 307122 
650 7 |a PRODUCTO NACIONAL BRUTO  |2 CL-VaPUC  |9 259223 
651 7 |a CHILE  |2 CL-VaPUC  |9 331499 
583 |a last modification  |c 19941219 00:00:00  |k Rodrigo Vera 
999 |c 231435  |d 231433 
952 |0 0  |1 0  |4 0  |6 339_383000000000000_SUB_1994  |7 0  |8 P  |9 234702  |a BIBGIM  |b BIBGIM  |d 2019-11-15  |i 4711858  |o 339.383 SUB 1994  |p 4711858  |r 2019-11-15  |w 2019-11-15  |y BK  |k GIM